000 00374nam a2200145Ia 4500
005 20250424021405.0
008 240331s9999 xx 000 0 und d
082 _a300
_bGAU
100 _aGauthaman, R
245 0 _aAram :
_badhikaram
260 _aCoimbatore
_bVidiyal Pathippagam
_c1997
300 _a239 p .,
500 _aPandaiyakala Aram, athikaram patriyathu
942 _cL
999 _c973
_d973